1557 1273 1292 1595 1326 1963 1459 1454 1593 1499 1314 1777 1990 1456 1404 1613 1149 1503 1354 1671 1491 1026 1765 1651 1616 1943 1782 1638 1549 1931 1883 1915 1430 1474 1516 1464 1778 1957 1971 1901 1757 1517 1563 1310 1249 1065 1785 1163 1397 1999 1781 1920 1953 1100 1483 1510 1845 1778 1181 1520 1328 1562 1565 1327 1362 1875 1788 1702 1670 1664 1804 1392 1200 1056 1258 1811 1162 1699 1098 1689 1352 1604 1358 1880 1108 1181 1717 1561 1745 1298 1194 1589 1482 1083 1314 1039 1337 1806 1950 BCNSPRNW ULIB Ver.6.0+V

เปลี่ยนเป็นภาษาไทย

Change to English
 แสดงรายละเอียดบรรณานุกรม
  กลับหน้าหลัก

Brief Record : Get Marc (ISO 2709) : E-mail record : QR code < ปิดหน้าต่าง
LEADER : 00000nam 2200000uu 4500
001    13399108212
003     ULIB
008    110221s2542||||th 000 0 tha d
020    9745742503
060 04 WY159^bน276ก 2542
100 0  นฤมล ธีระรังสิกุล
245 10 การพยาบาลทารกคลอดก่อนกำหนด /^cนฤมล ธีระรังสิกุล
260    ชลบุรี :^bภาควิชาการพยาบาลแม่และเด็ก คณะพยาบาลศาสตร์มหาวิทยาลัยบูรพา,^c2542
300    ฉ, 142 หน้า :^bภาพประกอบ ;^c26 ซม.
440    โครงการตำราคณะพยาบาลศาสตร์ มหาวิทยาลัยบูรพา
536    ได้รับทุนสนับสนุนจาก โครงการตำราคณะพยาบาลศาสตร์มหาวิทยาลัยบูรพา
650  7 การพยาบาล
650  7 ทารกคลอดก่อนกำหนด
710 2  มหาวิทยาลัยบูรพา. ^bคณะพยาบาลศาสตร์.^bภาควิชาการพยาบาลแม่และเด็ก
945    ^p150^l0^i011964
995    เกษร
999 ^a ใช้งานได้ทุกระบบ
รายการนี้ยังไม่มีแท็ก
คุณยังไม่ได้ล็อกอิน คุณสามารถมีกิจกรรมร่วมกับเว็บไซต์ได้ แต่ต้องล็อกอินก่อน ::
  ล็อกอิน

รายการสื่อสารสนเทศ

ลำดับที่ ประเภท เลขเรียก/บาร์โค้ด สถานที่ สถานะ
- ไม่พบข้อมูล -

รายการใกล้เคียง
    ผู้แต่ง [นฤมล ธีระรังสิกุล]

    หัวเรื่อง [การพยาบาล]
    หัวเรื่อง [ทารกคลอดก่อนกำหนด]

BibComment


ยังไม่เคยถูกคอมเมนท์

คอมเมนท์ทรัพยากรรายการนี้
  คอมเมนท์: การพยาบาลทารกคลอด..


 Copyright 2026. Bcnsprnw @Library